000 nam a22 a 4500
999 _c118483
_d118483
003 BLK
005 20220519100457.0
008 180409b bul|||||r ||||||| ||bul||
010 _aKNG00124085000
040 _aBLK
041 _aBUL
_cBUL
080 _aГрузинска литература
_b821.353.1
_x-31
_z821.353.1-31
100 1 _aАмиреджиби, Чабуа Ираклиевич
_eпърви автор
_931074
139 _aАмиреджиби, Чабуа Ираклиевич
_bА 62
245 1 0 _aДата Туташхиа
_bРоман
_cЧабуа Ираклиевич Амиреджиби; прев. от рус. Мария Хаджиева.
250 _a2. изд.
257 _aGEO
260 _aСофия
_bНар. култура
_c1983
300 _a783 с.
_c21 см
380 _aX
500 _aОриг. загл. Дата Туташхва / Чабуа Амиреджиби.
700 1 _aХаджиева, Мария
_eпрев. от рус.
_9246852
852 _aЦб 120209
_bЦб
856 4 _qpdf
856 4 _qpdf
942 _cKNG
_n0
_s1
944 _aCR
_c01.07.2011
_l01.07.2011 - от С1,Р / 01.07.2011
_kВиолета_Тройчева
944 _aED
_c01.07.2011
_l01.07.2011 - от С1,Р / 01.07.2011